000 00571nam a2200181 i 4500
001 86964
003 ES-MaACL
005 20230906175548.0
007 t|
008 041217s1970 sp ||||1| spa d
100 1 _aKoning, Frederick.
_968557
245 1 3 _aLa llamada de la carne
_b: Apolonios, servidor del dios Esculapio /
_cFrederick Koning ; [traducción, Cristóbal Zaragoza].
250 _a[1ª ed.].
260 _aBarcelona :
_bPlaneta,
_c1970.
300 _a550 p. ;
_c21 cm.
700 1 _aZaragoza, Cristóbal.
_9118028
852 _aES-MaACL
_jC-38451
_bR.72917
999 _c86964
_d86964